000 00832nam a22002057a 4500
999 _c62060
_d62060
003 Ge_BSU
005 20240628120426.0
008 240628s1955 ge ||||| |||| 00| 0 geo d
041 _ageo
080 _a616 ჟ-99
100 _aჟღენტი, ვლ.
_922357
245 _aპათოლოგიის საკითხებისათვის /
_cვლ. ჟღენტი; რედ. ი. ტატიშვილი.
264 _aთბილისი :
_bსაქმედგამი,
_c1955.
300 _a100 გვ. ;
_b20 სმ.
504 _aბიბლიოგრ. შენიშვნებში
653 _aპათოლოგია
653 _aმედიცინა
700 _aტატიშვილი, ი.
_eრედაქტორი
_93867
942 _2udc
_cᲬᲘᲒᲜᲘ